Organizačná kultúra, jej členovia a ich presvedčenia

Bibliographic Details
Main Author: Lašáková, Anna, 1979- (Author)
Format: Article
Language:Slovak
ISBN:9788080686499
Subjects:

MARC

LEADER 00000nab a2200000 a 4500
001 vtls009449042
003 SK-MaSNL
005 20260303054105.0
008 081125c2008 xo r m 000 00slo
015 |a SNBRA2008/11SVKPO 
038 |a SVKPO 
040 |a SVKPOCL  |c slo  |e AACR2 
041 0 |a slo 
044 |a xo  |c SK 
080 |a 001.81/.87  |2 2001 
080 |a 001.891  |2 2001 
080 |a 005.73  |2 2001 
080 |a 303.622  |2 2001 
080 |a 65.01:658  |2 2001 
080 |a 658  |2 2001 
100 1 |a Lašáková, Anna,  |d 1979-  |4 aut  |9 209551 
245 1 0 |a Organizačná kultúra, jej členovia a ich presvedčenia  |c Anna Lašáková 
504 |a Bibliogr. odkazy 
650 0 7 |a kultúra organizácie  |2 svkpocl  |9 3660 
650 0 7 |a organizačná kultúra  |2 svkpocl  |9 440675 
650 0 7 |a členovia inštitúcií a organizácií  |2 svkpocl  |9 120228 
650 0 7 |a metódy výskumu  |2 svkpocl  |9 109613 
773 0 |t Reformulácie antropologickej otázky v súčasnej filozofii : [...medzinárodnej vedeckej konferencii...v Prešove 10.-11.5.2007]  |d Prešov : Filozofická fakulta Prešovskej univerzity, 2007  |g S. 272-279  |z 9788080686499 
852 |a SVKPO  |b KIS3GCP 
958 |a SK 
958 |a NB 
999 |c 1721965  |d 1723895